000 00718nam a2200193 a 4500
001 000302880
003 AM-YeHGA
005 20250618071940.0
008 040124s1973 ai 000 | arm d
040 _aAM-YeHGA
041 0 _aarm
100 1 _aՔոչարյան, Մելիք Թադևոսի,
_d1911-1992
_91302
245 1 0 _aԱռաջին որոտը :
_bԴրամա 3 գործողությամբ, 8 պատկերով /
_cՄ.Թ. Քոչարյան; Խմբ.՝ Ռ.Գ. Սարգսյան.
260 _aԵրևան :
_bՀայաստան,
_c1973.
300 _a95 էջ ;
_c17 սմ.
650 1 4 _aՀայ գրականություն
_xԹատերգություն
700 1 _aՍարգսյան, Ռ.Գ.
_eխմբ.
_4edt
090 _c112910
999 _c111573
_d111573